| 000 | 00715nam a22001937a 4500 | ||
|---|---|---|---|
| 999 |
_c99603 _d99603 |
||
| 005 | 20230216152640.0 | ||
| 010 | _aUR-9435 | ||
| 020 | _c102.00 | ||
| 035 | _aU-7990 | ||
| 037 | _bDBAD/PUB | ||
| 082 | _a 844.8 | ||
| 100 | _aنز ير فتح پو ر ی | ||
| 245 |
_aا عتر ا ف :ا د بی مضا مين / _cنز ير فتح پو ر ی |
||
| 246 |
_aAitraaf (Adabi Mazamin) / _bby Nazeer Fateh Puri |
||
| 260 |
_aپو نے _bا سبا ق پبليکيشنز _c2012 ء |
||
| 270 |
_aسا ير ہ منز ل 230/102،و ما ن رد ر شن، سنجے پا ر ک،لو ہ گا ؤ ن ر و ڈ _bپو نف _e32 _k09822516338 |
||
| 300 |
_aص176 _c22cm(Hb) |
||
| 942 |
_2ddc _cUR _h 844.8 _mن ظ ی |
||